Participants de Loup-Garou UHC (saison 1-9) - Statistiques

Statistiques générales
  • Ce quiz a été pris 430 fois
    235 depuis la dernière actualisation
  • Le résultat moyen est 18 sur 52
Statistiques - réponses
Saison d'apparition Joueur % Correct
Saison 1 TheGuill84
96%
Saison 5 Guep
87%
Saison 3 aypierre
75%
Saison 8 Siphano
69%
Saison 6 Libe_
63%
Saison 2 Lapin
61%
Saison 9 Nannoxx
61%
Saison 1 Newtiteuf
61%
Saison 5 Fukano
55%
Saison 1 Shadoune666
55%
Saison 9 Frigiel
52%
Saison 8 Bichard
48%
Saison 1 As2piK
47%
Saison 5 Daiko
45%
Saison 5 Math0x
45%
Saison 2 Etoiles
44%
Saison 4 CedGhoss
41%
Saison 1 Setrox_
36%
Saison 2 Wolf381
36%
Saison 1 Tchobax
35%
Saison 4 SoulsStealer
34%
Saison 5 JimmyB0yyy
33%
Saison 9 ninjaxxu
32%
Saison 7 ImFatBoy
31%
Saison 6 Astroll
30%
Saison 1 Bomby_
30%
Saison 1 Pib4me
30%
Saison 6 ThozFR
29%
Saison 1 Loupio66
28%
Saison 4 MC_Ika
28%
Saison 2 Moustafa74
28%
Saison 2 Arkunir
25%
Saison 8 Magicknup
25%
Saison 3 Notitou
25%
Saison 1 Skillnez
23%
Saison 2 Jasur80
22%
Saison 2 WooxTom
21%
Saison 1 Anto
20%
Saison 1 Frodo_
19%
Saison 1 Godie
18%
Saison 1 MrPoulet_
15%
Saison 1 Tyxbo
13%
Saison 1 Terrepp
12%
Saison 2 Lenasticots
11%
Saison 2 Steviix
11%
Saison 2 T1nky
11%
Saison 1 Feeka
10%
Saison 1 Igni_
10%
Saison 1 MrPriixy
10%
Saison 1 Sliiders
10%
Saison 1 Timothaay
7%
Saison 4 Wolfyna
4%
Aucun quiz correspondant
Distribution des résultats
% des personnes avec chaque résultat
Percentile par nombre de réponses
Votre historique - résultats
Vous n’avez pas pris ce quiz depuis la dernière actualisation